Skúšanie materiálu ultrazvukom

Enregistré dans:
Détails bibliographiques
Format: Livre
Langue:slovaque
Publié: Bratislava Dom techniky ČSVTS 1984
Édition:3. vyd.
Tags: Ajouter un tag
Pas de tags, Soyez le premier à ajouter un tag!

MARC

LEADER 00000nam a2200000 4500
001 c115281
005 20041019155200.9
041 0 |a slo 
044 |a SK 
245 1 0 |a Skúšanie materiálu ultrazvukom 
250 |a 3. vyd. 
264 1 |a Bratislava  |b Dom techniky ČSVTS  |c 1984 
300 |a 128 s.